Normal view
MARC view
Entry Personal Name
001 - CONTROL NUMBER
- control field: 6785
003 - CONTROL NUMBER IDENTIFIER
- control field: ARRUPE
005 - DATE AND TIME OF LATEST TRANSACTION
- control field: 20140121125548.0
008 - FIXED-LENGTH DATA ELEMENTS
- fixed length control field: 140121|| aca||aabn | a|a d
040 ## - CATALOGING SOURCE
- Original cataloging agency: ARRUPE
- Transcribing agency: ARRUPE
100 ## - HEADING--PERSONAL NAME
- Personal name: Levinas, Emmanuel
670 ## - SOURCE DATA FOUND
- Source citation: Work cat.: (ARRUPE): Davis, Colin 6783, Levinas, 1996